Το αρχαιολογικό μουσείο Δελφών

Αποθηκεύτηκε σε:
Λεπτομέρειες βιβλιογραφικής εγγραφής
Κύριος συγγραφέας: Κολώνια, Ροζίνα
Άλλοι συγγραφείς: Πατρικιανός, Γιάννης (Φωτογράφος)
Μορφή: Βιβλίο
Γλώσσα:Greek
Δημοσίευση: Αθήνα : Κοινωφελές Ίδρυμα Ιωάννη Σ. Λάτση, 2006.
Θέματα:
Ετικέτες: Προσθήκη ετικέτας
Δεν υπάρχουν, Καταχωρήστε ετικέτα πρώτοι!

MARC

LEADER 00000cam a2200000 i 4500
001 1/41882
008 070302s2006####gr a || 0|| | gre||
020 |a 9608674395  
035 |l 10087201 
040 |a GR-MY-UA  |b gre  |e aacr 
041 0 |a gre 
082 0 |a 069.09495   |2 (22)  
100 1 |a Κολώνια, Ροζίνα. 
245 1 3 |a Το αρχαιολογικό μουσείο Δελφών /   |c Ροζίνα Κολώνια ; [φωτογραφίες Γιάννης Πατρικιανός]  
260 |a Αθήνα :   |b Κοινωφελές Ίδρυμα Ιωάννη Σ. Λάτση,   |c 2006.  
300 |a 379 σ. :   |b εικ. ;   |c 35 εκ.  
504 |a Βιβλιογραφία: σ. [377] 
610 2 0 |a Αρχαιολογικό Μουσείο Δελφών. 
700 1 |a Πατρικιανός, Γιάννης,  |e pht 
852 |a INST  |b LESVOS  |e 20071009  |h 069.09495 ΚΟΛ  |p 005100041030  |q 005100041030  |t BK  |y 0 
852 |a INST  |b RHODES  |e 20070302  |h 708.4951 ΚΟΛ  |p 005400026876  |q 005400026876  |t REF  |y 23 
852 |a INST  |b SYROS  |e 20080407  |h 708.949515 ΚΟΛ  |p 005500006201  |q 005500006201  |t BK  |y 0 
901 |a BIBL5-2008-1 
901 |a BIBL4-2007-1 
901 |a BIBL1-2007-3 
909 |a Ε  |b 133695 
909 |a Ρ  |b 122925 
909 |a Λ  |b 137459 
970 |a ΜΙΣΣΟΣ  |b ΣΤΑΥΡΟΣ  |z 2007/03/02